[Event "COL-ch U2000"]
[Site "Pereira"]
[Date "2019.03.24"]
[Round "6"]
[White "Sierra Amariles, Juan Mauricio"]
[Black "Ocampo Betancur, Cristina Angela"]
[Result "0-1"]
[WhiteElo "1934"]
[BlackElo "1890"]
[PlyCount "64"]
[EventDate "2019.03.21"]
[EventType "swiss"]
[EventRounds "9"]
[EventCountry "COL"]
[SourceTitle "CBM 189 Extra"]
[Source "ChessBase"]
[SourceDate "2019.06.03"]
[SourceVersion "1"]
[SourceVersionDate "2019.06.03"]
[SourceQuality "1"]

1. e4 e5 2. Nf3 Nc6 3. Bb5 a6 4. Ba4 Nf6 5. d3 b5 6. Bb3 Be7 7. c3 d6 8. h3 h6 9. Be3 Be6 10. Bxe6 fxe6 11. Nh4 Qd7 12. Ng6 Rg8 13. a4 Kf7 14. Nxe7 Nxe7 15. Nd2 Ng6 16. 0-0 Nf4 17. d4 Ng6 18. f4 exf4 19. Bxf4 Nxf4 20. Rxf4 Ke7 21. Qf3 Raf8 22. Rf1 Qe8 23. axb5 axb5 24. c4 bxc4 25. Nxc4 Nh5 26. Rxf8 Rxf8 27. Qg4 Rxf1+ 28. Kxf1 Qb5 29. Ke1 Qxc4 30. Qxh5 Qxd4 31. Qe2 c5 32. b3 Qc3+ 0-1

[Event "Pan American Amateur-ch"]
[Site "San Andres Islas"]
[Date "2014.08.28"]
[Round "4"]
[White "Del Giudice, Juan Eduardo"]
[Black "Sierra Amariles, Juan Mauricio"]
[Result "1/2-1/2"]
[WhiteElo "1982"]
[BlackElo "1924"]
[PlyCount "101"]
[EventDate "2014.08.26"]
[EventType "swiss"]
[EventRounds "9"]
[EventCountry "COL"]
[SourceTitle "EXT 2016"]
[Source "ChessBase"]
[SourceDate "2015.10.08"]
[SourceVersion "1"]
[SourceVersionDate "2015.10.08"]
[SourceQuality "1"]

1. e4 e5 2. Nf3 Nc6 3. d4 exd4 4. Bc4 Bc5 5. c3 d3 6. b4 Bb6 7. a4 a6 8. Qxd3 d6 9. 0-0 Nf6 10. Bf4 0-0 11. Nbd2 Bg4 12. h3 Bh5 13. a5 Ba7 14. Be3 Ne5 15. Nxe5 dxe5 16. Nb3 Qxd3 17. Bxd3 Bxe3 18. fxe3 Rfd8 19. Bc2 Bg6 20. Nc5 Rd2 21. Rf2 Rad8 22. Re1 b6 23. Nxa6 Nxe4 24. Bxe4 Bxe4 25. Nxc7 bxa5 26. bxa5 R2d7 27. Na6 Rc8 28. Rb2 Rdd8 29. Rc1 f6 30. Nb4 Rc5 31. a6 Rdc8 32. Rb3 Ra5 33. c4 Rcc5 34. Kf2 Kf7 35. g3 Ke8 36. Ke2 Bf5 37. h4 Bc8 38. Kd3 Bxa6 39. Nxa6 Rxa6 40. Rb5 Rc7 41. c5 Kd7 42. Kc4 Kc6 43. Rd1 Ra4+ 44. Rb4 Rxb4+ 45. Kxb4 Rb7+ 46. Kc4 Rb2 47. Rd6+ Kc7 48. Rd3 Kc6 49. Rd6+ Kc7 50. Rd2 Rc2+ 51. Rxc2 1/2-1/2

[Event "Pan American Amateur-ch"]
[Site "San Andres Islas"]
[Date "2014.08.27"]
[Round "3"]
[White "Sierra Amariles, Juan Mauricio"]
[Black "Ardila Cordoba, Andres"]
[Result "1-0"]
[WhiteElo "1924"]
[BlackElo "1808"]
[PlyCount "57"]
[EventDate "2014.08.26"]
[EventType "swiss"]
[EventRounds "9"]
[EventCountry "COL"]
[SourceTitle "EXT 2016"]
[Source "ChessBase"]
[SourceDate "2015.10.08"]
[SourceVersion "1"]
[SourceVersionDate "2015.10.08"]
[SourceQuality "1"]

1. e4 d6 2. d4 a6 3. Nc3 Nc6 4. d5 Nb8 5. Nf3 Bg4 6. Be2 e5 7. dxe6 fxe6 8. Ng5 Bxe2 9. Qxe2 Qe7 10. Qg4 Nf6 11. Qxe6 Qxe6 12. Nxe6 Kd7 13. Nd4 c5 14. Nf3 Nc6 15. Be3 Re8 16. 0-0-0 Kc7 17. Nd5+ Nxd5 18. exd5 Ne5 19. Ng5 h6 20. Ne6+ Kd7 21. Rhe1 Ng4 22. h3 Nxe3 23. Rxe3 g6 24. Rde1 Be7 25. Kd1 Bf6 26. Rf3 Bh4 27. g3 Bd8 28. Rf7+ Re7 29. Nxd8 1-0

[Event "COL-ch Amateur"]
[Site "Colombia"]
[Date "2014.03.12"]
[Round "1"]
[White "Sierra Amariles, Juan Mauricio"]
[Black "Ramirez, Alvaro"]
[Result "1-0"]
[WhiteElo "1929"]
[BlackElo "1637"]
[PlyCount "81"]
[EventDate "2014.03.12"]
[EventType "swiss"]
[EventRounds "9"]
[EventCountry "COL"]
[SourceTitle "CBM 159 Extra"]
[Source "ChessBase"]
[SourceDate "2014.04.24"]
[SourceVersion "1"]
[SourceVersionDate "2014.04.24"]
[SourceQuality "1"]

1. e4 c5 2. Nf3 d6 3. Bc4 Nf6 4. Nc3 e6 5. d4 cxd4 6. Nxd4 Be7 7. Be3 0-0 8. 0-0 Nc6 9. h3 a6 10. a4 Nb4 11. Bb3 g6 12. Qd2 e5 13. Nde2 Bd7 14. Rad1 Bc6 15. Bg5 Nh5 16. Bxe7 Qxe7 17. Qxd6 Rfe8 18. Qxe7 Rxe7 19. Rd6 Nf4 20. Nxf4 exf4 21. f3 Kg7 22. Rfd1 Rc8 23. a5 Rcc7 24. R1d4 Re5 25. Rxb4 Rxa5 26. Bd5 Ra1+ 27. Kh2 Rc1 28. Rc4 Rxc2 29. Bxc6 bxc6 30. Rcxc6 Rb7 31. Rb6 Rxb2 32. Rxb7 Rxb7 33. Rxa6 g5 34. Nd5 Rd7 35. h4 h6 36. hxg5 hxg5 37. Kh3 Rd8 38. Kg4 f6 39. Ra7+ Kg6 40. Ne7+ Kf7 41. Nc6+ 1-0

[Event "Dosquebrad op 1st"]
[Site "Dosquebrad"]
[Date "2013.12.15"]
[Round "8"]
[White "Garces Trujillo, Luis Javier"]
[Black "Sierra Amariles, Juan Mauricio"]
[Result "0-1"]
[WhiteElo "1991"]
[BlackElo "1929"]
[PlyCount "72"]
[EventDate "2013.12.11"]
[EventType "swiss"]
[EventRounds "9"]
[EventCountry "COL"]
[SourceTitle "CBM 158 Extra"]
[Source "ChessBase"]
[SourceDate "2014.02.28"]
[SourceVersion "1"]
[SourceVersionDate "2014.02.28"]
[SourceQuality "1"]

1. d4 d5 2. c4 c6 3. Nc3 Nf6 4. Nf3 e6 5. e3 Be7 6. g4 Nbd7 7. Rg1 dxc4 8. Bxc4 b5 9. Bd3 Bb7 10. g5 Nh5 11. Be4 a6 12. Ne5 Nxe5 13. Qxh5 g6 14. Qh6 Bf8 15. Qh3 Nd7 16. Qf3 Rc8 17. Bd2 Bg7 18. Rc1 f5 19. gxf6 Nxf6 20. Qh3 Qd7 21. a3 0-0 22. Rg5 e5 23. Qxd7 Nxd7 24. dxe5 Nxe5 25. Ke2 Nc4 26. Rc2 Rce8 27. Bh1 Bf6 28. Rg1 Bh4 29. Rf1 Rd8 30. Nb1 Bc8 31. Bb4 Bf5 32. Rc3 Bh3 33. Bxf8 Bxf1+ 34. Kxf1 Rd1+ 35. Kg2 Kxf8 36. b3 Na5 0-1

[Event "Dosquebrad op 1st"]
[Site "Dosquebrad"]
[Date "2013.12.14"]
[Round "6"]
[White "Sierra Amariles, Juan Mauricio"]
[Black "Hernandez, Cristian Andres"]
[Result "1/2-1/2"]
[WhiteElo "1929"]
[BlackElo "2127"]
[PlyCount "83"]
[EventDate "2013.12.11"]
[EventType "swiss"]
[EventRounds "9"]
[EventCountry "COL"]
[SourceTitle "CBM 158 Extra"]
[Source "ChessBase"]
[SourceDate "2014.02.28"]
[SourceVersion "1"]
[SourceVersionDate "2014.02.28"]
[SourceQuality "1"]

1. e4 c5 2. Nf3 d6 3. Bc4 Nf6 4. Nc3 a6 5. a4 Nc6 6. h3 e6 7. d4 cxd4 8. Nxd4 Bd7 9. 0-0 Rc8 10. Be2 Be7 11. Be3 0-0 12. f4 Qc7 13. Nb3 Nb4 14. Qd2 a5 15. Nd4 b6 16. Rac1 Qb8 17. Bf3 e5 18. Ndb5 Bc6 19. Nd5 Bxd5 20. exd5 e4 21. Bg4 Rce8 22. Nc3 Qb7 23. Rfd1 Nxg4 24. hxg4 Bd8 25. f5 Bf6 26. Bd4 Bxd4+ 27. Qxd4 Re5 28. Qe3 f6 29. Rd4 Rfe8 30. Nb5 Qd7 31. Qb3 h5 32. gxh5 Rxf5 33. Re1 e3 34. Rxe3 Rxe3 35. Qxe3 Re5 36. Qg3 Rxh5 37. c4 Qf5 38. Rd1 Qc2 39. Qg4 Rg5 40. Qf3 Rxg2+ 41. Qxg2 Qxd1+ 42. Kh2 1/2-1/2

[Event "Dosquebrad op 1st"]
[Site "Dosquebrad"]
[Date "2013.12.12"]
[Round "3"]
[White "Arribas Robaina, Maritza"]
[Black "Sierra Amariles, Juan Mauricio"]
[Result "1/2-1/2"]
[WhiteElo "2314"]
[BlackElo "1929"]
[PlyCount "74"]
[EventDate "2013.12.11"]
[EventType "swiss"]
[EventRounds "9"]
[EventCountry "COL"]
[SourceTitle "CBM 158 Extra"]
[Source "ChessBase"]
[SourceDate "2014.02.28"]
[SourceVersion "1"]
[SourceVersionDate "2014.02.28"]
[SourceQuality "1"]

1. e4 e5 2. Nf3 Nc6 3. Bb5 a6 4. Ba4 Nf6 5. 0-0 b5 6. Bb3 Be7 7. Re1 0-0 8. c3 d5 9. exd5 Nxd5 10. d4 exd4 11. Nxd4 Nxd4 12. Qxd4 Be6 13. Nd2 c5 14. Qe4 Nf6 15. Qe2 Bxb3 16. Nxb3 Re8 17. Bg5 Nd5 18. Bxe7 Rxe7 19. Qf3 Rxe1+ 20. Rxe1 c4 21. Nd4 Nf6 22. h3 Qd5 23. Qf4 Re8 24. Rxe8+ Nxe8 25. f3 g6 26. Kf2 Nd6 27. Qf6 Nf5 28. Nxf5 Qd2+ 29. Kg3 gxf5 30. h4 f4+ 31. Qxf4 Qxb2 32. Qg5+ Kf8 33. Qd8+ Kg7 34. Qd4+ f6 35. Qd7+ Kf8 36. Qd8+ Kf7 37. Qd7+ Kf8 1/2-1/2

[Event "Cartago op"]
[Site "Cartago"]
[Date "2010.10.31"]
[Round "5"]
[White "Sierra Amariles, Juan Mauricio"]
[Black "Lopez Idarraga, Daniel Eduardo"]
[Result "1/2-1/2"]
[WhiteElo "1881"]
[BlackElo "1997"]
[PlyCount "78"]
[EventDate "2010.10.30"]
[EventType "swiss"]
[EventRounds "7"]
[EventCountry "COL"]
[SourceTitle "EXT 2011"]
[Source "ChessBase"]
[SourceDate "2010.11.26"]
[SourceVersion "1"]
[SourceVersionDate "2010.11.26"]
[SourceQuality "1"]

1. e4 c5 2. Nf3 d6 3. Nc3 g6 4. d4 cxd4 5. Nxd4 Nf6 6. Be3 Bg7 7. Bc4 Nc6 8. f3 0-0 9. Qd2 Bd7 10. 0-0-0 Rb8 11. h4 Nxd4 12. Bxd4 b5 13. Bd3 h5 14. Nd5 Nxd5 15. Bxg7 Kxg7 16. exd5 b4 17. g4 Qa5 18. Bc4 Qc5 19. Qe2 Rh8 20. Kb1 Rbe8 21. g5 a5 22. Bd3 a4 23. Be4 a3 24. Qd2 Kh7 25. Rhf1 axb2 26. Qd4 Qa5 27. Qxb2 Bb5 28. Bd3 Rc8 29. f4 Rc3 30. Bxb5 Qxb5 31. f5 Rhc8 32. fxg6+ Kxg6 33. Rf4 Rxc2 34. Qxb4 Qe2 35. Qe4+ Kg7 36. Qxe2 Rxe2 37. Rdf1 Rcc2 38. Rxf7+ Kg6 39. Rxe7 Rb2+ 1/2-1/2

[Event "Manizales op 22nd"]
[Site "Manizales"]
[Date "2010.01.08"]
[Round "3"]
[White "Munoz Galvez, Jhon Edison"]
[Black "Sierra Amariles, Juan Mauricio"]
[Result "1-0"]
[WhiteElo "2219"]
[BlackElo "1884"]
[PlyCount "67"]
[EventDate "2010.01.07"]
[EventType "swiss"]
[EventRounds "5"]
[EventCountry "COL"]
[SourceTitle "CBM 134 Extra"]
[Source "ChessBase"]
[SourceDate "2010.03.03"]
[SourceVersion "1"]
[SourceVersionDate "2010.03.03"]
[SourceQuality "1"]

1. d4 d5 2. Nf3 Nf6 3. c4 c6 4. e3 Bf5 5. Nc3 e6 6. Nh4 Bb4 7. Nxf5 exf5 8. Qb3 Qb6 9. cxd5 Nxd5 10. Bd2 Nd7 11. Bc4 Bxc3 12. bxc3 Qxb3 13. axb3 N7f6 14. f3 0-0 15. 0-0 Rfe8 16. Rfe1 a6 17. Bd3 Ne7 18. c4 Rad8 19. Bc3 Rd7 20. e4 fxe4 21. fxe4 Red8 22. d5 Ne8 23. Ba5 Rc8 24. Bc2 f6 25. Bb6 Nd6 26. Bf2 cxd5 27. exd5 Ng6 28. c5 Nf7 29. d6 Nge5 30. Bf5 Rdd8 31. c6 Nxc6 32. Rab1 b6 33. Be4 g6 34. Rbd1 1-0

[Event "COL-ch Amateur"]
[Site "Garzon"]
[Date "2009.11.16"]
[Round "6.1"]
[White "Silva, Jorge"]
[Black "Sierra Amariles, Juan Mauricio"]
[Result "1-0"]
[WhiteElo "1986"]
[BlackElo "1884"]
[PlyCount "65"]
[EventDate "2009.11.14"]
[EventType "swiss"]
[EventRounds "7"]
[EventCountry "COL"]
[SourceTitle "EXT 2024"]
[Source "ChessBase"]
[SourceDate "2023.10.10"]
[SourceVersion "1"]
[SourceVersionDate "2023.10.10"]
[SourceQuality "1"]

1. e4 e5 2. Nf3 Nc6 3. Bb5 a6 4. Ba4 Nf6 5. d4 exd4 6. 0-0 Be7 7. Re1 b5 8. e5 Nd5 9. Bb3 Nb6 10. c3 0-0 11. cxd4 d5 12. h3 Bf5 13. Nc3 Qd7 14. a4 b4 15. Ne2 a5 16. Nf4 Nd8 17. Be3 Ne6 18. Rc1 Rac8 19. Re2 h6 20. Rd2 Kh8 21. Ne1 Nxf4 22. Bxf4 Rfd8 23. Nd3 Bxd3 24. Rxd3 c5 25. Qh5 Qe6 26. Rg3 Rg8 27. Bc2 g5 28. Be3 cxd4 29. Bxd4 Bc5 30. Rf3 Bxd4 31. Rf6 Rg6 32. Rxe6 Rxe6 33. Qxf7 1-0

[Event "Cartago op"]
[Site "Cartago"]
[Date "2009.08.17"]
[Round "7"]
[White "Sierra Amariles, Juan Mauricio"]
[Black "Ossa, Orlando Jose"]
[Result "1-0"]
[WhiteElo "1870"]
[BlackElo "2285"]
[PlyCount "53"]
[EventDate "2009.08.15"]
[EventType "swiss"]
[EventRounds "7"]
[EventCountry "COL"]
[SourceTitle "EXT 2011"]
[Source "ChessBase"]
[SourceDate "2010.11.26"]
[SourceVersion "1"]
[SourceVersionDate "2010.11.26"]
[SourceQuality "1"]

1. e4 e5 2. Nf3 Nc6 3. Bb5 a6 4. Ba4 Nf6 5. 0-0 b5 6. Bb3 Bb7 7. d3 Bc5 8. c3 d6 9. a4 0-0 10. Bg5 h6 11. Bh4 g5 12. Bg3 Qe7 13. h4 Nh5 14. Kh1 Nf4 15. Bxf4 gxf4 16. g3 Kh8 17. Nh2 Rg8 18. Qh5 Rg6 19. axb5 axb5 20. Rxa8+ Bxa8 21. Nd2 Nd8 22. gxf4 exf4 23. Rg1 Kg7 24. Ng4 Kh7 25. Nf3 Qf8 26. Qf5 Qg7 27. h5 1-0

[Event "Bogota Mila Memorial op"]
[Site "Bogota"]
[Date "2009.04.??"]
[Round "4"]
[White "De Arco, Luis Carlos"]
[Black "Sierra Amariles, Juan Mauricio"]
[Result "1-0"]
[WhiteElo "2214"]
[BlackElo "1870"]
[PlyCount "61"]
[EventDate "2009.04.??"]
[EventType "swiss"]
[EventRounds "9"]
[EventCountry "COL"]
[SourceTitle "EXT 2014"]
[Source "ChessBase"]
[SourceDate "2013.11.20"]
[SourceVersion "1"]
[SourceVersionDate "2013.11.20"]
[SourceQuality "1"]

1. e4 e5 2. Nf3 Nc6 3. Bb5 a6 4. Ba4 Nf6 5. 0-0 Be7 6. Re1 b5 7. Bb3 0-0 8. h3 d6 9. c3 Re8 10. d4 h6 11. Nbd2 exd4 12. cxd4 d5 13. e5 Nh7 14. Bc2 Nf8 15. Nf1 Be6 16. N3h2 Qd7 17. g4 Nb4 18. Bb1 c5 19. f4 f5 20. Ne3 cxd4 21. Nxf5 Bxf5 22. gxf5 Rac8 23. a3 Nc6 24. Bd3 Bh4 25. Rf1 Bd8 26. Kh1 Qf7 27. f6 Qe6 28. fxg7 Kxg7 29. Qh5 Rc7 30. f5 Qxe5 31. Bxh6+ 1-0

[Event "Manizales op 20th"]
[Site "Manizales"]
[Date "2008.01.13"]
[Round "7"]
[White "Sierra Amariles, Juan Mauricio"]
[Black "Rios, Cristhian Camilo"]
[Result "0-1"]
[WhiteElo "1665"]
[BlackElo "2088"]
[PlyCount "72"]
[EventDate "2008.01.10"]
[EventType "swiss"]
[EventRounds "7"]
[EventCountry "COL"]
[SourceTitle "EXT 2010"]
[Source "ChessBase"]
[SourceDate "2010.11.25"]
[SourceVersion "1"]
[SourceVersionDate "2010.11.25"]
[SourceQuality "1"]

1. e4 c5 2. Nf3 e6 3. Nc3 d6 4. d4 cxd4 5. Nxd4 Nf6 6. Be3 a6 7. Be2 Be7 8. 0-0 0-0 9. Qd2 b5 10. a3 Bb7 11. f3 Nbd7 12. Nb3 Qc7 13. Rad1 Rac8 14. Kh1 Ne5 15. Qe1 d5 16. exd5 Nxd5 17. Nxd5 Bxd5 18. Nd4 Nc4 19. Bc1 Bf6 20. c3 Qe7 21. Qf2 Bh4 22. g3 Bg5 23. Bxc4 Bxc4 24. Rfe1 Bxc1 25. Rxc1 Qb7 26. Re3 Bd5 27. Rce1 Qb6 28. Kg2 a5 29. Qd2 Rfd8 30. Rc1 h6 31. Ree1 Rc5 32. Qe3 Qc7 33. b4 Rc4 34. Nxb5 Qb7 35. Nd4 axb4 36. cxb4 Rxd4 0-1